Statistiques concernant Mots de 9 lettres par définition

Cliquez ici pour prendre le quiz!

Statistiques générales

  • Ce quiz a été pris 89 fois
  • Le résultat moyen est 9 sur 15

Statistiques - réponses

GenreDéfinitionMot% Correct
Nom FémininVêtement constitué d'un pantalon prolongé par une bavette à bretelles.Salopette
99%
Nom MasculinSteak haché assaisonné, servi à l'intérieur d'un petit pain rond.Hamburger
83%
Nom FémininFruit, sorte de petite orange douce, au parfum pénétrant, dont l'écorce est facile à décoller.Mandarine
77%
Nom MasculinHomme très âgé.Vieillard
71%
Nom FémininPetite broche qui sert à tenir ensemble de menues pièces à griller. / Les mets ainsi cuits.Brochette
68%
Nom MasculinMilitaire servant dans l'artillerie.Artilleur
61%
Nom Masculin(Vieux) Maître d'hôtel, chez un riche particulier.Majordome
61%
Nom FémininEn sport, façon de reprendre contact avec le sol après un saut.Réception
57%
Nom MasculinMétal blanc-gris qui se rapproche du titane. (Élément chimique de symbole Zr, de numéro atomique 40, de masse atomique 91,22.)Zirconium
57%
Nom MasculinDans l'art égyptien, pierre levée, généralement monolithe, à base quadrangulaire, taillée en forme de pyramide très élancée et terminée par une pointe pyramidale, le pyramidion.Obélisque
55%
Nom FémininChacune des quatre grosses veines situées de chaque côté des parties latérales du cou.Jugulaire
51%
Nom FémininTristesse et état de langueur causés par l'éloignement du pays natal ; mal du pays. / Regret attendri ou désir vague accompagné de mélancolie.Nostalgie
48%
Nom FémininFamilier. Action de rouler sur soi-même après avoir posé la tête sur le sol ; roulade, culbute.Galipette
43%
Nom FémininGrand sac bourré de paille, de feuilles de maïs, etc., garnissant le fond d'un lit.Paillasse
34%
Nom MasculinTout appareil d'éclairage servant à répartir, filtrer ou transformer la lumière des lampes.Luminaire
12%

Distribution des résultats

Percentile par nombre de réponses

% des personnes avec chaque résultat

Votre développement - résultats

Vous n’avez pas pris ce quiz